00438nam a22001697a 4500003000400000008004100004020001800045082001600063100002200079245004400101260003300145300001100178650001800189700001900207700002400226700001800250OSt260121b |||||||| |||| 00| 0 eng d a9789348565211 a615.321 CHI aChhikara, Manisha aIndustrial Pharmacognostical Techniques aN.DelhibI.P Innvotivec2025 axv,184 aPharmacognosy aSuridia, Pooja aPrakash, Sidbi Mani aVerma, Chetna